000 00542cam a22002054a 4500
005 20250605164310.0
008 250528s ||||||||||||||||||||||||d
035 _a22451
020 _a9789602867808
040 _aGR-AtMCL
_bgre
_dGR-AtMCL
_eAACR2
245 1 _aΟΙΚΟΓΕΝΕΙΑΚΗ ΘΕΡΑΠΕΙΑ: ΜΙΑ ΕΠΙΣΚΟΠΗΣΗ
250 _a1
260 _bΈλλην,
_c2005
300 _a582
700 1 _aGoldenberg Herbert
_92946
700 1 _aGoldenberg Irene
_92947
942 _cBK
999 _c7503
_d7503